| 000 | 00510nam a2200181 a 4500 | ||
|---|---|---|---|
| 001 | 6860 | ||
| 005 | 20180713190736.0 | ||
| 008 | 140415s1964 sp 000 0 spa d | ||
| 041 | _aspa | ||
| 082 |
_a307.76 _bGEO |
||
| 100 | 1 | _aGEORGE, PIERRE | |
| 245 | 1 | 0 | _aCOMPENDIO DE GEOGRAFIA URBANA |
| 260 |
_aESPAÑA : _bEDICIONES ARIEL, _c1964 |
||
| 300 | _a270 | ||
| 490 |
_aCIENCIA Y ECONOMIA ECONOMIA Y SOCIEDAD _v3 |
||
| 650 | 1 | 4 |
_aSOCIOLOGIA URBANA _xURBANISMO |
| 700 | 1 |
_aGARZOLINI, JORGE _etr. |
|
| 999 |
_c6860 _d6860 |
||